| 000 | 02047nam a2200457 i 4500 | ||
|---|---|---|---|
| 001 | ebr10931977 | ||
| 003 | CaPaEBR | ||
| 006 | m o d | ||
| 007 | cr cn||||||||| | ||
| 008 | 140923t19981998iluab ob 001 0 eng d | ||
| 020 | _z9780882959399 | ||
| 020 | _a9781118818701 (e-book) | ||
| 040 |
_aCaPaEBR _beng _erda _epn _cCaPaEBR |
||
| 035 | _a(OCoLC)654828279 | ||
| 043 | _an-us--- | ||
| 050 | 1 | 4 |
_aE76.8 _b.I57 1998eb |
| 082 | 0 | 4 |
_a973/.0497/0072 _221 |
| 245 | 0 | 0 |
_aIndians in American history : _ban introduction / _cedited by Frederick E. Hoxie & Peter Iverson ; contributors, James A. Brown [and fifteen others]. |
| 250 | _aSecond edition. | ||
| 264 | 1 |
_aWheeling, Illinois : _bHarlan Davidson, Inc., _c1998. |
|
| 264 | 4 | _c�1998 | |
| 300 |
_a1 online resource (320 pages) : _billustrations, maps |
||
| 336 |
_atext _2rdacontent |
||
| 337 |
_acomputer _2rdamedia |
||
| 338 |
_aonline resource _2rdacarrier |
||
| 504 | _aIncludes bibliographical references at the end of each chapters and index. | ||
| 588 | _aDescription based on print version record. | ||
| 590 | _aElectronic reproduction. Palo Alto, Calif. : ebrary, 2014. Available via World Wide Web. Access may be limited to ebrary affiliated libraries. | ||
| 650 | 0 |
_aIndians of North America _xHistoriography. |
|
| 650 | 0 |
_aIndians of North America _xHistory _xStudy and teaching. |
|
| 650 | 0 |
_aIndians of North America _xHistory. |
|
| 651 | 0 |
_aUnited States _xHistoriography. |
|
| 651 | 0 |
_aUnited States _xHistory _xStudy and teaching. |
|
| 655 | 0 | _aElectronic books. | |
| 700 | 1 |
_aHoxie, Frederick E., _d1947- _eeditor. |
|
| 700 | 1 |
_aIverson, Peter, _eeditor. |
|
| 700 | 1 |
_aBrown, James A., _econtributor. |
|
| 776 | 0 | 8 |
_iPrint version: _tIndians in American history : an introduction. _bSecond edition. _dWheeling, Illinois : Harlan Davidson, Inc., c1998 _hxiii, 304 pages _z9780882959399 _w97037468 |
| 797 | 2 | _aebrary. | |
| 856 | 4 | 0 |
_uhttp://site.ebrary.com/lib/rucke/Doc?id=10931977 _zAn electronic book accessible through the World Wide Web; click to view |
| 999 |
_c74976 _d74976 |
||